00621nam a2200169Ia 450000500170000000800410001702000150005808200230007310000280009624500610012426000470018530000120023250000870024494200060033195200990033799900150043620250312010520.0240331s9999 xx 000 0 und d a8187477009 bVEN24205a894.811 aVenkatachalapathy, A. R 0aAntha Kalathil Kappi Illai:bMuthalana Aaivu Katturaigal aNagercoil,bKalachuvadu Pathippagamc2000  a232 p., aEssays examining the socio-cultural changes in the formation of modern Tamil Nadu. cL 001040708LaWERCLbWERCLcSSCd2024-03-31l0o 894.811 VENp4205r2024-03-31w2024-03-31yL c4166d4166